MARC details
| 000 -CABECERA |
| campo de control de longitud fija |
01695nam a2200301 a 4500 |
| 001 - NÚMERO DE CONTROL |
| campo de control |
000012893 |
| 005 - FECHA Y HORA DE LA ÚLTIMA TRANSACCIÓN |
| campo de control |
20200929163108.0 |
| 008 - DATOS DE LONGITUD FIJA--INFORMACIÓN GENERAL |
| campo de control de longitud fija |
091118s2005 dr abc 000 0 spa d |
| 020 ## - NÚMERO INTERNACIONAL ESTÁNDAR DEL LIBRO |
| Número Internacional Estándar del Libro |
9945110586 (v. 1) |
| 020 ## - NÚMERO INTERNACIONAL ESTÁNDAR DEL LIBRO |
| Número Internacional Estándar del Libro |
9945110284 (v. 4) |
| 040 ## - FUENTE DE LA CATALOGACIÓN |
| Centro catalogador/agencia de origen |
DO-SdBNP |
| Lengua de catalogación |
spa |
| Centro/agencia transcriptor |
BNPHU |
| 082 ## - NÚMERO DE LA CLASIFICACIÓN DECIMAL DEWEY |
| Número de clasificación |
xxxx |
| Número de documento/Ítem |
xxxx |
| 245 00 - MENCIÓN DE TÍTULO |
| Título |
Sociedad : |
| Resto del título |
educación media / |
| Mención de responsabilidad, etc. |
Fanny Capellán Almonte... [et al] ; dirección editorial Obdulia García de Escobar; ilustración Ruddy Núñez. |
| 260 ## - PUBLICACIÓN, DISTRIBUCIÓN, ETC. |
| Lugar de publicación, distribución, etc. |
Santo Domingo : |
| Nombre del editor, distribuidor, etc. |
Santillana, |
| Fecha de publicación, distribución, etc. |
2005. |
| 300 ## - DESCRIPCIÓN FÍSICA |
| Extensión |
4 v. : |
| Otras características físicas |
il., maps., retrs. ; |
| Dimensiones |
28 cm. |
| 490 1# - MENCIÓN DE SERIE |
| Mención de serie |
Ámbar |
| 500 ## - NOTA GENERAL |
| Nota general |
Educación media |
| 500 ## - NOTA GENERAL |
| Nota general |
La biblioteca solamente posee los volumenes 1 y 4. |
| 505 0# - NOTA DE CONTENIDO CON FORMATO |
| Información miscelánea |
v. 1 : |
| -- |
Historia y geografía universal -- |
| -- |
unidad 1 -- |
| Título |
La historia y el origen de la humanidad -- |
| Información miscelánea |
unidad 2 -- |
| Título |
Primeras civilizaciones. Oriente y Occidente -- |
| Información miscelánea |
unidad 3 -- |
| Título |
Del feudalismo al capitalismo -- |
| Información miscelánea |
unidad 4 -- |
| Título |
El mundo contemporáneo -- |
| Información miscelánea |
unidad 5 -- |
| Título |
Geografía -- |
| Información miscelánea |
unidad 6 -- |
| Título |
Geografía humana / |
| Mención de responsabilidad |
Fanny Capellán Almonte -- |
| -- |
Ignacio Aybar -- |
| 505 0# - NOTA DE CONTENIDO CON FORMATO |
| Información miscelánea |
v. 4 : |
| -- |
República Dominicana hoy -- |
| -- |
unidad 1 -- |
| Título |
Las luchas democráticas y procesos políticos -- |
| Información miscelánea |
unidad 2 -- |
| Título |
Política y sociedad después de 1965 -- |
| Información miscelánea |
unidad 3 -- |
| Título |
El espacio económico y población -- |
| Información miscelánea |
unidad 4 -- |
| Título |
La República Dominicana y la globalización / |
| Mención de responsabilidad |
Quisqueya Lora H. -- |
| -- |
Marcos Morales -- |
| -- |
Ignacio Aybar -- |
| 700 1# - PUNTO DE ACCESO ADICIONAL--NOMBRE DE PERSONA |
| Nombre de persona |
Capellán Almonte, Fanny |
| 9 (RLIN) |
29766 |
| 700 1# - PUNTO DE ACCESO ADICIONAL--NOMBRE DE PERSONA |
| Nombre de persona |
Aybar, Ignacio |
| 9 (RLIN) |
29767 |
| 700 1# - PUNTO DE ACCESO ADICIONAL--NOMBRE DE PERSONA |
| Nombre de persona |
Lora H., Quisqueya |
| 9 (RLIN) |
29768 |
| 700 1# - PUNTO DE ACCESO ADICIONAL--NOMBRE DE PERSONA |
| Nombre de persona |
Morales, Marcos |
| 9 (RLIN) |
29769 |
| 700 1# - PUNTO DE ACCESO ADICIONAL--NOMBRE DE PERSONA |
| Nombre de persona |
Núñez, Ruddy |
| Término indicativo de función/relación |
il. |
| 9 (RLIN) |
23171 |
| 700 1# - PUNTO DE ACCESO ADICIONAL--NOMBRE DE PERSONA |
| Nombre de persona |
Garca Escobar, Obdulia, |
| Término indicativo de función/relación |
dir. ed. |
| 9 (RLIN) |
29770 |
| 830 #0 - PUNTO DE ACCESO ADICIONAL DE SERIE-TÍTULO UNIFORME |
| Título uniforme |
Ámbar |
| 9 (RLIN) |
6599 |